000 03928nam0a22006611 4500
001 RU\NLR\A1\22805
005 20260407090935.0
035 _a(NLR Aleph) 009677266
090 _a9687815
_c9687815
100 _a19981021d1773 m y0rusy50 ca
101 1 _arus
102 _aRU
135 _acrcn 024anaba
140 _aу y eayaa0000
200 1 _aПохождения дикаго американца.
_fПереведены Иваном Богаевским
210 _aВ Санктпетербурге
_cиждивением Общества старающагося о напечатании книг
_c[тип. Акад. наук]
_d1773
215 _a[2], 242 с.
_d12°
300 _aГравир. тит. л. с аллегорич. изобр. и надписью: "Согласием и трудами 1773 год". Подпись: "г: Н: Саблин". Офорт с резцом
300 _aЗагл. ориг.: Der Wilde.
300 _aКн. пер. также на фр. яз.: L' homme sauvage, / histoire traduite de...par m. Mercier. Paris, 1767
316 _aЭкз. РНБ (18.258.3.32) в составном картон. пер., обтянутом коричневой бумагой, с ледерин. корешком и уголками. На нижней крышке пер. ярлык с шифром РНБ. Обрез с раскраской. На с.33 и 242 круглый штамп ГПБ. На всем книж. блоке пятна. Размер: 16,2х9,5х2,5 см
_5NLR: 18.258.3.32
317 _aВ экз. РНБ (18.258.3.32) на тит. л. владельч. запись: "Из книг Егора Давыдова"
_5NLR: 18.258.3.32
317 _aЭкз. ИМПИ из б-ки Д. Г. Бурылина
_5ИМПИ
321 1 _aСК XVIII 5772
325 _aКопия доступна в Электрон. б-ке РНБ
454 0 _12001#$aDer Wilde
_tDer Wilde
517 1 _aL' homme sauvage
518 1 _aПохождения дикого американца
620 _dСанкт-Петербург
700 1 _4070
_7ca
_8rus
_aПфейль
_bИ. Г. Б.
_f1732-1800
_gИоганн Готтлоб Беньямин
_9191788
_3RU\NLR\AUTH\770191839
702 1 _4730
_7ca
_8rus
_aБогаевский
_bИ. И.
_f1750-
_gИван Иванович
_9183436
_3RU\NLR\AUTH\770183487
702 1 _4730
_8rus
_7ca
_aМерсье
_bЛ. С.
_f1740-1814
_gЛуи Себастьен
_3RU\NLR\AUTH\77100113
_983039
702 1 _4390
_8rus
_7ca
_aБурылин
_bД. Г.
_f1852-1924
_gДмитрий Геннадьевич
_3RU\NLR\AUTH\771726
_9111746
702 1 _4350
_7ca
_8rus
_aСаблин
_bН. Я.
_f1736-1808
_gНиколай Яковлевич
_9250577
_3RU\NLR\AUTH\770250633
702 1 _aДавыдов
_bЕ.
_gЕгор
_5NLR: 18.258.3.32
_4390
712 0 2 _4400
_aОбщество, старающееся о напечатании книг
_cПетербург
_3RU\NLR\AUTH\889942757
_9380534
712 0 2 _4610
_aАкадемическая типография
_cПетербург
_3RU\NLR\AUTH\8815379
_9303965
790 1 _6z01702
_aMercier
801 0 _aRU
_bNLR
_c19981021
852 _aNLR
_j18.258.3.32
856 0 _uhttp://vivaldi.nlr.ru/bx000018197/view
856 1 _uhttp://vivaldi.nlr.ru/bx000018197/cover
856 2 _uhttp://vivaldi.nlr.ru/bx000018197/text
899 _aГПИБ
899 _aИМПИ
899 _aВОУНБ
899 _aРГБ
899 _aБАН
942 _cBOOK
980 _aNB
980 3 _akpcivil
980 3 _akp
980 _aA1XVIIIv
981 2 0 _a(20) Книжные памятники РНБ
_b(20) Русский книжный фонд